les prénoms féminins les plus donnés - Statistiques

Statistiques générales
  • Ce quiz a été pris 522 fois
  • Le résultat moyen est 4 sur 15
Statistiques - réponses
Hint Réponse % Correct
5 Emma
71%
1 Louise
54%
10 Anna
46%
4 Jade
44%
8 Alice
29%
11 Éva
27%
12 Lina
27%
2 Ambre
25%
6 Rose
25%
13 Mia
19%
3 Alba
17%
9 Romy
14%
15 Agathe
12%
7 Alma
12%
14 Inaya
7%
Aucun quiz correspondant
Distribution des résultats
% des personnes avec chaque résultat
Percentile par nombre de réponses
Votre historique - résultats
Vous n’avez pas pris ce quiz